Statistics for Female Firsts

Click here to take the quiz!

General Stats

  • This quiz has been taken 119 times
  • The average score is 6 of 20

Answer Stats

CategoryAnswer% Correct
Prime Minister of UKMargaret Thatcher
92%
Prime Minister of IndiaIndira Gandhi
82%
Fly Across the Atlantic OceanAmelia Earhart
77%
Win A Nobel PrizeMarie Curie
77%
Win the Wimbledon Title (Open Era)Billie Jean King
37%
Prime Minister of AustraliaJulia Gillard
35%
Win an Oscar for Best DirectorKathryn Bigelow
32%
Go Into SpaceValentina Tereshkova
32%
Inducted into the Rock and Roll Hall of FameAretha Franklin
31%
President of IrelandMary Robinson
17%
Swim the English ChannelGertrude Ederle
10%
Win Grammy Award for Album of the YearJudy Garland
10%
Prime Minister of a CountrySirimavo Bandaranaike
9%
Break the Sound BarrierJacqueline Cochran
5%
Reach the Summit of Mt. EverestJunko Tabei
5%
Win the Turner PrizeRachel Whiteread
5%
Prime Minister of New ZealandJenny Shipley
4%
Hollywood Walk of Fame StarJoanne Woodward
3%
Win the Booker Prize for FictionBernice Rubens
1%
Fly Solo Across the WorldJerrie Mock
1%

Score Distribution

Percentile by Number Answered

Percent of People with Each Score

Your Score History

You have not taken this quiz